书目信息 |
| 题名: |
运动按摩彩色图谱
|
|
| 作者: | 艾斯帕夏 , 卡拉斯科 著 ;汤璐 译 | |
| 分册: | ||
| 出版信息: | 北京 人民邮电出版社 2021 |
|
| 页数: | 159页 | |
| 开本: | 26cm | |
| 丛书名: | ||
| 单 册: | ||
| 中图分类: | G804.3-64 , G804.3 | |
| 科图分类: | ||
| 主题词: | 按摩--体育保健学--图谱 | |
| 电子资源: | ||
| ISBN: | 978-7-115-53265-7 | |
| 000 | 01266nam0 2200265 450 | |
| 001 | 2243089646 | |
| 005 | 20221019115847.09 | |
| 010 | @a978-7-115-53265-7@dCNY89.00 | |
| 100 | @a20210916d2021 em y0chiy50 ea | |
| 101 | 1 | @achi@cspa |
| 102 | @aCN@b110000 | |
| 105 | @aa z 000yy | |
| 200 | 1 | @a运动按摩彩色图谱@9yun dong an mo cai se tu pu@dAnatomia & masaje deportivo@etecnicas de masaje y de lectura corporal en las cadenas miofasciales@f(西)何塞普·马尔默·艾斯帕夏(Josep Mármol Esparcia),(西)阿图尔·贾科姆·卡拉斯科(Artur Jacomet Carrasco)著@g汤璐译@zspa |
| 210 | @a北京@c人民邮电出版社@d2021 | |
| 215 | @a159页@d26cm | |
| 330 | @a本书共分5章,从运动按摩的基础知识讲起,系统介绍了各类按摩手法,重点详述了5条肌筋膜链的按摩方法与技巧以及各种姿势的按摩注意事项,最后还给出了常见的运动损伤及按摩治疗技术等内容。 | |
| 510 | 1 | @aAtomia & masaje deportivo@etecnicas de masaje y de lectura corporal en las cadenas miofasciales@zspa |
| 606 | 0 | @a按摩@x体育保健学@j图谱 |
| 690 | @aG804.3-64@v5 | |
| 690 | @aG804.3@v4 | |
| 701 | 0 | @c(西)@a艾斯帕夏@9ai si pa xia@c(Esparcia, Josep Mármol)@4著 |
| 701 | 0 | @c(西)@a卡拉斯科@9ka la si ke@c(Carrasco, Artur Jacomet)@4著 |
| 702 | 0 | @a汤璐@9tang lu@4译 |
| 801 | 0 | @aCN@b91MARC@c20211015 |
| 905 | @aZUCC@dG804.3@e1 | |
| 运动按摩彩色图谱=Anatomia & masaje deportivo:tecnicas de masaje y de lectura corporal en las cadenas miofasciales/(西)何塞普·马尔默·艾斯帕夏(Josep Mármol Esparcia),(西)阿图尔·贾科姆·卡拉斯科(Artur Jacomet Carrasco)著/汤璐译.-北京:人民邮电出版社,2021 |
| 159页;26cm |
| ISBN 978-7-115-53265-7:CNY89.00 |
| 本书共分5章,从运动按摩的基础知识讲起,系统介绍了各类按摩手法,重点详述了5条肌筋膜链的按摩方法与技巧以及各种姿势的按摩注意事项,最后还给出了常见的运动损伤及按摩治疗技术等内容。 |
| ● |
| 相关链接 |
|
|
|
正题名:运动按摩彩色图谱
索取号:G804.3/1
 
预约/预借
| 序号 | 登录号 | 条形码 | 馆藏地/架位号 | 状态 | 备注 |
| 1 | 2000914912 | 2000914912 | 第三书库/ [索取号:G804.3/1] | 在馆 | |
| 2 | 2000914913 | 2000914913 | 第三书库/ [索取号:G804.3/1] | 在馆 | |
| 3 | 2000914914 | 2000914914 | 第三书库/ [索取号:G804.3/1] | 在馆 |